| 000 | 01519nam2a2200301 4500 | ||
|---|---|---|---|
| 001 | RU\NLR\BIBL_A\021956129 | ||
| 005 | 20250809152556.0 | ||
| 035 | _a(NLR Aleph) 021956129 | ||
| 090 |
_a81839 _c81839 |
||
| 100 | _a20250809 rusy50 | ||
| 101 | 0 | _aabk | |
| 102 | _aAB | ||
| 135 | _acrgn 008anaba | ||
| 200 | 0 | _a1942, № 89 (2992) (15 апр.) | |
| 210 | _d1942 | ||
| 325 | 1 | _aКопия доступна в электронной библиотеке РНБ | |
| 461 | 0 |
_1001RU\NLR\BIBL_A\016342549 _12001#$aАҧсны ҟаҧшь$eҚырҭтәылатан КП Аҧснытмн аобласттан Аҟуатан ақалакқътан комитетқуев Аҧснытан АССР апьажалар рдепутатцәа Рсоветкуеи итрыжьуа агазет$v1942, № 89 (2992) (15 апр.) |
|
| 852 |
_aNLR _bОНЛ _jАбхаз.г./2-1 |
||
| 856 | 0 | _uhttps://vivaldi.nlr.ru/pn000276901/view | |
| 856 | 1 | _uhttps://vivaldi.nlr.ru/pn000276901/cover | |
| 856 | 2 | _uhttps://vivaldi.nlr.ru/pn000276901/text | |
| 901 | _eГазеты | ||
| 942 | _cISSNP | ||
| 945 | _aРоссийская национальная библиотека | ||
| 980 | _aBV | ||
| 981 | 2 | 3 |
_a(23) Национальные литературы _b(23) Периодические издания на национальных языках |